Представление документа в формате RUSMARC

ПолеНазваниеЗначение
  Тип записи a
  Библиографический уровень m
001 Контрольный номер 2182cc6c5f174dcc9757e6bd938d8257
005 Дата корректировки 20201206205143.7
010 Индекс ISBN __
a ISBN 978-5-4484-0146-6 (в пер.)
d Цена 320-00; 2000 экз.
100 Данные общей обработки __
a Данные общей обработки 19180907d2018||||||| 0rusy0189 ca
101 Язык документа 0_
a Язык текста rus
102 Страна публикации __
a Страна публикации ru
102 Страна публикации __
a Страна публикации ru
105 Кодированные данные (монография) __
a Кодированные данные (монография) #|||||||000zy
200 Заглавие и сведения об ответственности 1_
a Заглавие Звезда атамана
e Сведения, относящиеся к заглавию [роман]
f Первые сведения об ответственности Валерий Поволяев
b Общее обозначение материала Текст
210 Выходные данные __
a Место издания Москва
c Издательство Вече
d Дата издания 2018
215 Физическое описание __
a Объем 286, [1] с.
d Формат 21 см
225 Серия __
a Серия Военные приключения
330 Аннотация __
a Аннотация В газетах его называли "адским атаманом", журналисты торопились описать дерзкие налеты и грабежи, совершенные им. Полицейский и жандармы изо всех сил пытались схватить его, но, если это и удавалось, он бежал - и из тюрем, и с каторги. Деникинская и петлюровская, французская и немецкая, греческая и румынская контрразведки безуспешно пытались найти его след в захваченной интервентами Одессе. Казалось, что ему светит, хранит его особая звезда, ведь, невзирая на все старания врагов, он оставался жив и продолжал бросать им в лицо: "Я - Котовский!" Новый роман признанного мастера отечественной прозы.
333 Примечание о целевом назначении __
a Примечание о целевом назначении 12+. Для детей старше 12 лет
606 Тематические рубрики __
a Основная рубрика Художественная литература
606 Тематические рубрики __
a Основная рубрика Современная русская литература (произведения)
610 Ключевые слова __
a Ключевые слова исторические романы
a Ключевые слова проза
a Ключевые слова романы
a Ключевые слова тема истории
a Ключевые слова тема тюрьмы
a Ключевые слова тема каторги
a Ключевые слова тема побега
a Ключевые слова тема разведки
a Ключевые слова тема врагов
a Ключевые слова тема жизни
a Ключевые слова тема солдат
a Ключевые слова тема пленных
686 Индексы других классификаций __
2 Код системы rubbks
a Классификационный индекс 84(2=411.2)6-4; ст84(2Рос=Рус)6-4
700 Автор _1
a Фамилия Поволяев
b Имя В. Д.
f Даты 1940-
g Полное личное имя Валерий Дмитриевич
4 Код отношения 070
801 Источник записи _0
a Страна ru
b Организация Муниципальное бюджетное учреждение культуры "Централизованная библиотечная система" г. Сургут (Центральная городская библиотека им. А. С. Пушкина)
c Дата составления 20180907
g Правила каталогизации rpk
801 Источник записи _1
a Страна ru
b Организация Муниципальное бюджетное учреждение культуры "Централизованная библиотечная система" г. Сургут (Центральная городская библиотека им. А. С. Пушкина)
c Дата составления 20180907
g Правила каталогизации rpk
852 Данные о местонахождении __
j Шифр хранения 84(2=411.2)6-4
i Авторский знак П 42
901 Тип документа __
t Тип документа m
a Ответственный ООФиК/Зворыгина
903 Характеристики (МАРС) __
a Дата передачи 20180907
990 Данные о заказе (DOS) __
j Количество экземпляров (DOS) 2
t N записи в КСУ для И/У (DOS) 201809